Memoirs / (Record no. 23625)
[ view plain ]
| 000 -LEADER | |
|---|---|
| fixed length control field | 00999cam a2200313 a 4500 |
| 001 - CONTROL NUMBER | |
| control field | 23625 |
| 003 - CONTROL NUMBER IDENTIFIER | |
| rucl marc code | BD-RjUL |
| 005 - DATE AND TIME OF LATEST TRANSACTION | |
| control field | 20211209000942.0 |
| 008 - FIXED-LENGTH DATA ELEMENTS--GENERAL INFORMATION | |
| fixed length control field | 140311r19521907enk 001 0aeng |
| 035 ## - SYSTEM CONTROL NUMBER | |
| System control number | (BD-RjUL)23690 |
| 040 ## - CATALOGING SOURCE | |
| Original cataloging agency | DLC |
| Transcribing agency | DLC |
| Language of cataloging | eng |
| Modifying agency | BD-RjUL |
| 041 1# - LANGUAGE CODE | |
| Language code of text/sound track or separate title | eng |
| Language code of original | ita |
| 082 04 - DEWEY DECIMAL CLASSIFICATION NUMBER | |
| Classification number | 735 |
| Author mark and year | CEM 1952 |
| 100 1# - MAIN ENTRY--PERSONAL NAME | |
| Personal name | Cellini, Benvenuto, |
| Dates associated with a name | 1500-1571. |
| 9 (RLIN) | 72710 |
| 245 10 - TITLE STATEMENT | |
| Title | Memoirs / |
| Statement of responsibility, etc. | Benvenuto Cellini. |
| 260 ## - PUBLICATION, DISTRIBUTION, ETC. (IMPRINT) | |
| Place of publication, distribution, etc. | London ; |
| Name of publisher, distributor, etc. | J.M. Dent ; |
| Place of publication, distribution, etc. | New York : |
| Name of publisher, distributor, etc. | E.P. Dutton, |
| Date of publication, distribution, etc. | 1907 [reprinted 1952]. |
| 300 ## - PHYSICAL DESCRIPTION | |
| Pagination | 368 p. ; |
| Size | 18 cm. |
| 490 0# - SERIES STATEMENT | |
| Series statement | Everyman's library |
| 500 ## - GENERAL NOTE | |
| General note | LC copy bound in gilt-tooled leather. |
| 504 ## - BIBLIOGRAPHY, ETC. NOTE | |
| Bibliography, etc | Includes index. |
| 561 ## - OWNERSHIP AND CUSTODIAL HISTORY | |
| Institution to which field applies | DLC |
| 600 10 - SUBJECT ADDED ENTRY--PERSONAL NAME | |
| Personal name | Cellini, Benvenuto, |
| Dates associated with a name | 1500-1571. |
| 650 #0 - SUBJECT ADDED ENTRY--TOPICAL TERM | |
| Topical term or geographic name as entry element | Sculptors |
| Geographic subdivision | Italy |
| Form subdivision | Biography. |
| 9 (RLIN) | 72712 |
| 710 2# - ADDED ENTRY--CORPORATE NAME | |
| Corporate name or jurisdiction name as entry element | Rouben Mamoulian Collection (Library of Congress) |
| Institution to which field applies | DLC |
| 9 (RLIN) | 50483 |
| 942 ## - ADDED ENTRY ELEMENTS (KOHA) | |
| Source of classification or shelving scheme | Dewey Decimal Classification |
| Koha item type | Books |
| Lost status | Source of classification or shelving scheme | Damaged status | Not for loan | Collection code | Permanent Location | Current Location | Shelving location | Date acquired | Source of acquisition | Cost, normal purchase price | Total Checkouts | Full call number | Date last seen | Copy number | Koha item type |
|---|---|---|---|---|---|---|---|---|---|---|---|---|---|---|---|
| Dewey Decimal Classification | Added to bundle | Non-fiction | Central Library, University of Rajshahi | Central Library, University of Rajshahi | Reading Room | 27/09/1955 | B. H. Blackwell | 5.00 | 735 CEM 1952 | 11/03/2014 | C-1 | Books | |||
| Dewey Decimal Classification | Non-fiction | Central Library, University of Rajshahi | Central Library, University of Rajshahi | 24/03/1955 | O. U. P. | 3.60 | 735 CEM 1951 | 12/03/2014 | C-2 | Books |